Principles and problems of ethics
Guardado en:
| Autor principal: | |
|---|---|
| Formato: | Libro |
| Lenguaje: | inglés |
| Publicado: |
Saint Louis
Herder
1962
|
| Edición: | 1a. ed |
| Materias: | |
| Etiquetas: |
Agregar Etiqueta
Sin Etiquetas, Sea el primero en etiquetar este registro!
|
MARC
| LEADER | 00000cam a2200000 a 4500 | ||
|---|---|---|---|
| 001 | UCE9670 | ||
| 003 | CL-VaPUC | ||
| 008 | 151029e19620000us |||||||||||||||||eng|d | ||
| 082 | 0 | 4 | |a 170 |b WOO |2 21 |
| 100 | 0 | |a Wood, Robert |e author |9 582554 | |
| 245 | 1 | 0 | |a Principles and problems of ethics |
| 250 | |a 1a. ed | ||
| 300 | |a 183 p | ||
| 942 | |c BK | ||
| 945 | |d 20151029 22:28:00 |a gsalatino | ||
| 260 | |a Saint Louis |b Herder |c 1962 | ||
| 650 | 0 | |a Ética |9 255099 | |
| 650 | 0 | |a Valores morales |9 310604 | |
| 650 | 0 | |a Religión |9 255164 | |
| 583 | |a last modification |c 20151029 22:28:00 |k Rodrigo Vera | ||
| 999 | |c 361315 |d 361313 | ||
| 952 | |0 0 |1 0 |3 erd |4 0 |6 170_000000000000000_WOO_1962 |7 0 |8 P |9 471749 |a BIBTEO |b BIBTES |c TEO_FTES |i 5207959 |o 170 WOO 1962 |p 5207959 |r 2024-01-18 |w 2019-11-24 |y BK |z Catalogado en:20151029 |k ICR | ||